| 000 | 00463nam a2200193Ia 4500 | ||
|---|---|---|---|
| 005 | 20240823032324.0 | ||
| 008 | 240823s9999||||xx |||||||||||||| ||und|| | ||
| 041 | _aENGLISH | ||
| 082 | _A004 N3 | ||
| 100 | _aMisra K L P | ||
| 245 | 0 | _aTheory of Computer Science | |
| 250 | _a1st | ||
| 260 |
_c1993 _b"PHI,New Delhi" |
||
| 500 | _aYES | ||
| 650 |
_aComputer Science _bComputer Science |
||
| 700 | _a Chandrasekharan Nair | ||
| 942 | _cBK | ||
| 999 |
_c193174 _d193174 |
||